Films avec Julien Guiomar (en images) - Statistiques

Statistiques générales
  • Ce quiz a été pris 9 fois
  • Le résultat moyen est 4 sur 16
Statistiques - réponses
Par images Réponse % Correct
L'Aile ou la cuisse
100%
Adieu poulet
50%
La Zizanie
50%
Inspecteur la Bavure
38%
La Horse
25%
L'Incorrigible
25%
Borsalino
13%
La Moutarde me monte au nez
13%
L'Animal
13%
La Raison du plus fou
13%
Mort d'un pourri
13%
Un chien dans un jeu de quilles
13%
Bons baisers... à lundi
0%
La Louve solitaire
0%
Le Roi de cœur
0%
Mado
0%
Aucun quiz correspondant
Distribution des résultats
% des personnes avec chaque résultat
Percentile par nombre de réponses
Votre historique - résultats
Vous n’avez pas pris ce quiz